000 01037nam0a2200301 4500
001 RU\NLR\bibl\1099968
005 20250615054914.0
010 _a978-5-7905-4968-7
_910000
021 _aRU
_b2007-31276
_91660
035 _a(NLR Aleph) 001087063
090 _a1094700
_c1094700
100 _a20070620d2007 |||y0rusy50 ca
101 0 _arus
102 _aRU
105 _ay |||||||||
200 1 _aАлоэ
_eлучшие народные рецепты лечения заболеваний
_fС. Ермакова
210 _aМосква
_cРИПОЛ классик
_d2007
215 _a62, [1] с.
_d20
225 1 _aЗдоровый образ жизни и долголетие
606 1 _aАлоэ
_xЛечебное применение
_9941507
_3RU\NLR\auth\6629777
686 _aР282.111 Алоэ
700 1 _aЕрмакова
_bС. О.
_gСветлана Олеговна
_4070
801 0 _aRU
_bNLR
_c20070620
_gRCR
801 1 _aRU
_bNLR
_c20070620
942 _cBOOK
980 _aNB